000 00651nam a2200181 i 4500
001 149600
003 ES-MaACL
007 t|
008 071023s1947 sp ||||1| spa d
100 1 _aVázquez Otero, Diego.
_9113467
245 1 0 _aTradiciones malagueñas /
_cDiego Vázquez Otero.
260 _aMálaga :
_b[s.n.],
_c1947 (
_fTall. Gráf. de la Excma. Diputación Provincial)
300 _aVI, 7-288 p., 14 h. de lám. ;
_c16 cm.
490 1 _aPublicaciones del Instituto de Cultura. Serie B ;
_v3
830 0 _aPublicaciones del Instituto de Cultura. Serie B ;
_v3
_9185567
852 _aES-MaACL
_jE-308
_bR.26285
999 _c149600
_d149600